[Event "AUTO-OPEN-4654"]
[Site "http://www.queenalice.com/game.php?id=1874098"]
[Date "2026.5.29"]
[Round "1"]
[White "mvson33"]
[Black "Shizumaru_Hisame"]
[Result "1/2-1/2"]
[WhiteElo "1924"]
[BlackElo "2051"]

1. e4 d5 2. exd5 Qxd5 3. Nc3 Qd8 4. Nf3 Bd7 5. d4 e6 6. Be2 Bc6 7. O-O Bd6 8.
Be3 Nf6 9. Bd3 h6 10. Re1 Nbd7 11. Bc4 Qe7 12. Qe2 O-O-O 13. Rad1 Kb8 14. Bb3 a6
15. d5 exd5 16. Nxd5 Nxd5 17. Bxd5 Bxd5 18. Rxd5 Qe6 19. Qd3 Qf6 20. Bd4 Qg6 21.
Qxg6 fxg6 22. Bxg7 Rh7 23. Bc3 h5 24. Rd2 h4 25. h3 Bf4 26. Rde2 b6 27. Re8 Rxe8
28. Rxe8+ Kb7 29. Re6 g5 30. Kf1 Rf7 31. Re4 Rf8 32. Ke2 Nf6 33. Bxf6 Rxf6 34.
Nd4 b5 35. Nf3 c5 36. Nd2 c4 37. Nf3 Kb6 38. Re8 b4 39. Nd2 c3 40. bxc3 Bxd2 41.
Kxd2 Rxf2+ 42. Kd3 bxc3 43. Kxc3 Rxg2 44. Re3 Rg3 45. Kd3 Rg1 46. Ke2 g4 47.
hxg4 Rxg4 48. Rh3 Kb5 49. Kf3 Rc4 50. Rh2 Kb4 51. Ke3 Kc3 52. Rf2 Ra4 53. Rh2
Rxa2 54. Rxh4 Kxc2 55. Rh8 a5 56. Ra8 a4 57. Kd4 Kb3 58. Rb8+ Kc2 59. Rc8+ Kd2
60. Rh8 Kc2 61. Rh2+ Kb3 62. Rxa2 Kxa2 63. Kc3 a3 64. Kc2 Ka1 65. Kc1 a2 66. Kc2
1/2-1/2